000 00697nam a2200181 i 4500
001 160573
003 ES-MaACL
005 20231228063238.0
008 990205s1898 sp |||| | spa d
100 1 _aNavarro y Ledesma, F.,
_d1869-1905
_985189
245 1 0 _aPrograma de literatura preceptiva /
_cpor Francisco Navarro y Ledesma.
260 _aMadrid :
_b[s.n.],
_c1898 (
_fEstab. tip. de La Revista Moderna, a cargo de Vicente Guillén)
300 _a23 p. ;
_c21 cm.
650 4 _aLiteratura-
_vProgramas de estudio.
_9144364
650 4 _aPreceptiva literaria.
_9150091
852 _aES-MaACL
_jB-1995(2)
_z- Enc. pasta española
_z. - Donativo del autor
999 _c160573
_d160573